000 00864nam a2200253 a 4500
001 58098
003 BD-RjUL
005 20211209080603.0
008 161215s1983 enk b 000 1 eng
035 _a(BD-RjUL)58222
040 _aDLC
_cDLC
_dBD-RjUL
_beng
041 1 _aengrus
082 0 0 _a327.2092
_223
_bCHS 1983
100 1 _aChernousov, Mikhail.
_9172568
245 1 4 _aThe Soviet ambassador reports back /
_cMikhail Chernousov ; [translated from the Russian by Julius Katzer].
260 _aMoscow :
_bProgress Publishers,
_cc1983.
300 _a169 p. ;
_c20 cm.
500 _aTranslation of: Sovetskiĭ polpred soobshchaet--.
504 _aBibliography: p. 168-[170]
651 0 _aEurope
_xPolitics and government
_y1918-1945
_xFiction.
_9172569
942 _2ddc
_cBK
999 _c58098
_d58098